00662nam a2200157 a 450000100100000000500170001000800410002702000150006804000250008311000980010824500820020626000980028830000350038649000420042183000410046300000558820200929151722.0090820s1999 dr ac 000 0 spa d a9993422061 aDO-SdBNPbspacBNPHU1 aRepública Dominicana.bComisión Presidencial para la Reforma y Modernización del Estado13aLa asamblea constituyente en América Latina hoy :bseminario internacional. aSanto Domingo :bComisión Presidencial para la Reforma y Modernización del Estado,c1999. a74 p. :bil., retrs. ;c30 cm.1 aDebates constitucionales.aseminarios 0aDebates constitucionales.pseminario